Visual guide : (Record no. 28716)
[ view plain ]
| 000 -LEADER | |
|---|---|
| fixed length control field | 01585nam a2200301 i 4500 |
| 003 - CONTROL NUMBER IDENTIFIER | |
| control field | CSPC |
| 005 - DATE AND TIME OF LATEST TRANSACTION | |
| control field | 20250721151542.0 |
| 008 - FIXED-LENGTH DATA ELEMENTS--GENERAL INFORMATION | |
| fixed length control field | 250205s2019 ph a b 000 0 eng d |
| 020 ## - INTERNATIONAL STANDARD BOOK NUMBER | |
| International Standard Book Number | 9789713704818 |
| 040 ## - CATALOGING SOURCE | |
| Transcribing agency | CSPC |
| Original cataloging agency | CSPC |
| Language of cataloging | eng |
| Description conventions | rda |
| 050 00 - LIBRARY OF CONGRESS CALL NUMBER | |
| Classification number | QA76 |
| 082 04 - DEWEY DECIMAL CLASSIFICATION NUMBER | |
| Classification number | 004 |
| Item number | J399v |
| 110 1# - MAIN ENTRY--CORPORATE NAME | |
| Corporate name or jurisdiction name as entry element | Jemma Development Group, |
| Relator term | author. |
| 245 10 - TITLE STATEMENT | |
| Title | Visual guide : |
| Remainder of title | fundamentals of computers / |
| Statement of responsibility, etc. | Jemma Development Group. |
| 246 03 - VARYING FORM OF TITLE | |
| Title proper/short title | Visual guide to fundamentals of computers. |
| 246 03 - VARYING FORM OF TITLE | |
| Title proper/short title | Fundamentals of computers. |
| 250 ## - EDITION STATEMENT | |
| Edition statement | 5th edition. |
| 264 #1 - PRODUCTION, PUBLICATION, DISTRIBUTION, MANUFACTURE, AND COPYRIGHT NOTICE | |
| Place of production, publication, distribution, manufacture | Cainta, Rizal : |
| Name of producer, publisher, distributor, manufacturer | Jemma Inc., |
| Date of production, publication, distribution, manufacture, or copyright notice | 2019. |
| 300 ## - PHYSICAL DESCRIPTION | |
| Extent | xii, 270 pages : |
| Other physical details | illustrations ; |
| Dimensions | 25 cm. |
| 336 ## - CONTENT TYPE | |
| Source | rdacontent |
| Content type term | text |
| 337 ## - MEDIA TYPE | |
| Source | rdamedia |
| Media type term | unmediated |
| 338 ## - CARRIER TYPE | |
| Source | rdacarrier |
| Carrier type term | volume |
| 504 ## - BIBLIOGRAPHY, ETC. NOTE | |
| Bibliography, etc. note | Includes bibliographical references. |
| 505 0# - FORMATTED CONTENTS NOTE | |
| Formatted contents note | The windows operation system -- The windows control panels -- Computer security -- Top ten websites for the young -- Blog site -- Netiquette -- MS excel basics -- Using MS excel to create worksheets -- Text, values, formulas, and functions, Formatting worksheets -- Designing worksheets -- Page layout and printing -- Charts and links -- MS PowerPoint basics -- Creating a presentation -- Editing the presentation -- Formatting -- Working with graphics -- Slide animation and transition -- Viewing and navigating a slide show -- Tables and charts. |
| 650 #0 - SUBJECT ADDED ENTRY--TOPICAL TERM | |
| Topical term or geographic name entry element | Computers. |
| 942 ## - ADDED ENTRY ELEMENTS (KOHA) | |
| Source of classification or shelving scheme | Dewey Decimal Classification |
| Suppress in OPAC | No |
| Koha item type | Books |
| Item part | J399v |
| Call number prefix | FIL |
| Call number suffix | 2019 |
| Classification part | 004 |
| Withdrawn status | Lost status | Source of classification or shelving scheme | Damaged status | Not for loan | Home library | Current library | Shelving location | Date acquired | Total Checkouts | Full call number | Barcode | Date last seen | Copy number | Price effective from | Koha item type | Date last checked out |
|---|---|---|---|---|---|---|---|---|---|---|---|---|---|---|---|---|
| Dewey Decimal Classification | CAMPUS CSPC | CAMPUS CSPC | Filipiniana Section | 07/21/2025 | FIL 004 J399v 2019 | 001658-BUH | 07/21/2025 | 1-4 | 07/21/2025 | Books | ||||||
| Dewey Decimal Classification | CAMPUS CSPC | CAMPUS CSPC | Filipiniana Section | 07/21/2025 | FIL 004 J399v 2019 | 001659-BUH | 07/21/2025 | 2-4 | 07/21/2025 | Books | ||||||
| Dewey Decimal Classification | CAMPUS CSPC | CAMPUS CSPC | Filipiniana Section | 07/21/2025 | FIL 004 J399v 2019 | 001660-BUH | 07/21/2025 | 3-4 | 07/21/2025 | Books | ||||||
| Dewey Decimal Classification | CAMPUS CSPC | CAMPUS CSPC | Filipiniana Section | 07/21/2025 | FIL 004 J399v 2019 | 001661-BUH | 07/21/2025 | 4-4 | 07/21/2025 | Books | ||||||
| Dewey Decimal Classification | Main Library | Main Library | Filipiniana Section | 02/05/2025 | FIL 004 J399v 2019 | 028975 | 02/05/2025 | 1-4 | 02/05/2025 | Books | ||||||
| Dewey Decimal Classification | Main Library | Main Library | Filipiniana Section | 02/05/2025 | 2 | FIL 004 J399v 2019 | 028976 | 02/04/2026 | 2-4 | 02/05/2025 | Books | 02/04/2026 | ||||
| Dewey Decimal Classification | Main Library | Main Library | Filipiniana Section | 02/05/2025 | FIL 004 J399v 2019 | 028977 | 02/05/2025 | 3-4 | 02/05/2025 | Books | ||||||
| Dewey Decimal Classification | Main Library | Main Library | Filipiniana Section | 02/05/2025 | 1 | FIL 004 J399v 2019 | 028978 | 02/04/2026 | 4-4 | 02/05/2025 | Books | 02/04/2026 |